00622 2200241 4500001002100000005001700021008004100038035002400079082001600103090002600119100001600145245002900161260002800190300003000218500002900248650002400277850001500301980001300316985000600329999001500335999001500350999001500365YOGYA-0209000003461920090227024916.0 ind  0010-020900000034619 a664.804 651 a664.804 651bTri SlT aTRI MARGONO aSaos pepayacTri Margono aJakartabGrasindoc2000 aviii, 23 hlmbilusc21 cm aBibliografi : hlm. 21-22 aPepaya - Pengolahan aYOPDYOG(B) a15-10-06 a3 a01P0001856 a01P0001857 a01P0001859